| 000 | 00433cam a22001932a 4500 | ||
|---|---|---|---|
| 001 | 003659 | ||
| 003 | AR-FADEU | ||
| 008 | 311216n1950####xxu####################dd | ||
| 092 |
_a833.912 _bR384 |
||
| 100 | _aRemarque, Erich MarĂa | ||
| 245 | _aArco de trinfo | ||
| 250 | _a9a. ed | ||
| 260 | _aBuenos Aires | ||
| 260 | _bPeuser | ||
| 260 | _c1950 | ||
| 300 | _a576 p | ||
| 650 | _aLITERATURA ALEMANA-NOVELA | ||
| 942 | _cBDGR | ||
| 999 |
_c9489 _d9489 |
||